000 00637nam a22001577a 4500
005 20241008022448.0
008 241008b |||||||| |||| 00| 0 eng d
020 _a9789553103468
082 _222
_a820
100 _aGoonetilleke D.C.R.A.
245 _aGuide to Literary Criticism
260 _aNugegoda
_bSarasavi Publishers ( Pvt) Ltd
_c2015
300 _a142 p .,
500 _aThis book provides a foundation course in Literary Criticism. It is essential reading for success-oriented students in G.C.E. (Ordinary and Advanced Level) classes and for those following undergraduate studies as internal or external students.
942 _cL
999 _c5926
_d5926